00429nam a2200133 4500008004100000020001500041050002400056100002800080245007600108250001200184260004500196300003800241650001600279151209b xxu||||| |||| 00| 0 eng d a0827325142 aSPE RC 952.C35 1986 aCaldwell, Esther.d1986 aGeriatrics:a study of maturity/cEsther Caldwell and Barbara R. Hegner a4th ed. aNew York:bDelmar publishers Inc,c1986. avi, 441 p. :ill.bIncludes index. aGeriatrics.